| 000 | 01493cam a22003377i 4500 | ||
|---|---|---|---|
| 001 | 001470000485120 | ||
| 003 | CZ PrSKC | ||
| 005 | 20260416112404.0 | ||
| 007 | ta | ||
| 008 | 250505s2021 xr a c 6 000 1 cze | ||
| 020 |
_a9788076790483 _cKč 249,00 |
||
| 040 |
_aABG001 _bcze _erda |
||
| 041 | 1 |
_acze _hjpn |
|
| 072 | 7 |
_a741.52 _xKomiksy. Komiksové adaptace _2Konspekt |
|
| 072 | 7 |
_a821-93 _xLiteratura pro děti a mládež (beletrie) _2Konspekt |
|
| 100 | 1 |
_aShirahama, Kamome _4aut _918078 |
|
| 240 | 1 | 0 |
_aTongari bōshi no atorie. _lČesky |
| 245 | 1 | 0 |
_aAteliér špičatých klobouků / _cKamome Širahama |
| 264 | 1 |
_aV Praze : _bCrew, _c2021 |
|
| 300 |
_a188 stran : _bilustrace |
||
| 490 | 1 | _aCrew manga | |
| 500 | _aPřeloženo z japonštiny | ||
| 520 | 2 |
_aSérie fantasy manga komiksů ze světa kouzel. _bZkoušku přerušil nečekaný útok neznámého Krempáka. Eunieho proměnila zakázaná magie a Coco, Tetia a zraněný Qifrey musí sami čelit nenávisti Romoneunských. Tváří v tvář další těžké zkoušce si mladí učedníci musí zvolit svou cestu. Budou však jejich síly stačit na bytost, která nemá fyzickou formu? |
|
| 653 | 0 |
_ajaponské komiksy _afantasy komiksy _akomiksy _amanga _amagie _aučedníci _akouzelníci _a15+ (piktogram) _aKOMIKS (piktogram) |
|
| 655 | 7 |
_amanga _914003 |
|
| 655 | 7 |
_afantasy komiksy _910419 |
|
| 655 | 7 | _apublikace pro děti | |
| 700 | 1 |
_aKropáčková, Michala _4trl _914006 |
|
| 910 | _aABG508 | ||
| 999 |
_c34179 _d34179 |
||